Lucknow Metro Stations by Map Quiz - Statistics

General Stats
  • This quiz has been taken 36 times
  • The average score is 12 of 21
Answers on the Map
Answers color-coded by a green-red scale on the quiz's map according to % correct below.
 
Answer Stats
Red Line % Correct
Alambagh
81%
Badshah Nagar
76%
Indira Nagar
76%
CCS International Airport
71%
Charbagh
67%
Hazratganj
67%
IT Chauraha
67%
Lekhraj Market
67%
Singar Nagar
67%
Durgapuri
62%
Hussain Ganj
62%
Krishna Nagar
62%
Mawaiya
62%
Transport Nagar
62%
Amausi
52%
Sachivalaya
52%
Vishwavidyalay
48%
Bhootnath Market
43%
Alambagh Bus Station
33%
Munsipulia
14%
KD Stadium
10%
No matching quizzes found
Score Distribution
Percent of People with Each Score
Percentile by Number Answered
Your Score History
You have not taken this quiz